Statistiche per Capitali d'Europa in ordine alfabetico

Clicka qui per fare il quiz!

Statistiche generali

  • Questo quiz è stato fatto 36 volte
  • Il punteggio medio è 36 su 44

Statistiche sulle risposte

Lettera inizialeCapitale% Corretto
AAmsterdam
93%
BBerlino
93%
HHelsinki
93%
MMadrid
93%
OOslo
93%
AAtene
90%
BBucarest
90%
BBudapest
90%
DDublino
90%
LLisbona
90%
LLondra
90%
LLussemburgo
90%
RRoma
90%
AAndorra la Vella
87%
BBerna
87%
BBruxelles
87%
KKiev
87%
TTallinn
87%
ZZagabria
87%
BBelgrado
83%
CCopenaghen
83%
LLa Valletta
83%
LLubiana
83%
PParigi
83%
SSofia
83%
SStoccolma
83%
VVienna
83%
VVilnius
83%
BBratislava
80%
CChișinău
80%
MMosca
80%
PPodgorica
80%
RRiga
80%
TTirana
77%
VVaduz
77%
VVarsavia
77%
PPraga
73%
SSarajevo
73%
CCittà del Vaticano
70%
MMinsk
70%
SSkopje
70%
RReykjavík
67%
MMonaco
63%
CCittà di San Marino
40%

Distribuzione punteggi

Percentile per numero di risposta

Percentuale di utenti per punteggio

I tuoi punteggi nel tempo

Non hai fatto questo quiz